000 00348 a2200157 4500
001 152115
040 _cEscola São Tomás de Aquino
100 _aMACHADO, Ana Maria
240 1 0 _aO canto da praça
_lpor
245 1 0 _aO canto da praça
300 _a107
362 0 _a2002
440 1 _aÁtica
697 _a*LITERATURA JUVENIL
942 _cBK
999 _c152115
_d152115